Zanaforius el grande / (Record no. 173510)

MARC details
000 -CABECERA
campo de control de longitud fija 00795nam a2200241 u 4500
005 - FECHA Y HORA DE LA ÚLTIMA TRANSACCIÓN
campo de control 20241129063739.0
008 - ELEMENTOS DE LONGITUD FIJA--INFORMACIÓN GENERAL
campo de control de longitud fija 150123s2011 es r 000 0 spa d
020 ## - NÚMERO INTERNACIONAL NORMALIZADO PARA LIBROS
Número Internacional Estándar del Libro 9786071604590
035 ## - NÚMERO DE CONTROL DEL SISTEMA
Número de control de sistema UPN01000201409
049 ## - COLECCIÓN
Colección I
050 #4 - SIGNATURA TOPOGRÁFICA DE LA BIBLIOTECA DEL CONGRESO
Número de clasificación PZ76.3
Número de documento/Ítem K3.8
100 1# - ASIENTO PRINCIPAL--NOMBRE PERSONAL
Nombre de persona Kasparavicius, Kestutis,
Fechas asociadas al nombre 1954-
9 (RLIN) 33365
245 10 - MENCIÓN DE TÍTULO
Título Zanaforius el grande /
Mención de responsabilidad, etc. Kestutis Kasparavicius ; tr. de Margarita Santos Cuesta.
260 ## - PUBLICACIÓN, DISTRIBUCIÓN, ETC.
Lugar de publicación, distribución, etc. México :
Nombre del editor, distribuidor, etc. FCE,
Fecha de publicación, distribución, etc. c2011.
300 ## - DESCRIPCIÓN FÍSICA
Extensión [59] p. :
Otras características físicas il. col.
440 #4 - MENCIÓN DE SERIE/ASIENTO SECUNDARIO--TÍTULO
Título Los especiales de a la orilla del viento
534 ## - NOTA SOBRE LA VERSIÓN ORIGINAL
Frase introductoria Titulo original:
Mención de título del original Kiskis Morkus Didysis
650 #4 - ASIENTO SECUNDARIO DE MATERIA - TERMINO TEMATICO
Término de materia o nombre geográfico como elemento de entrada Libros y lectura para niños
9 (RLIN) 2290
650 #4 - ASIENTO SECUNDARIO DE MATERIA - TERMINO TEMATICO
Término de materia o nombre geográfico como elemento de entrada Conejos
Subdivisión de forma Cuentos y leyendas
9 (RLIN) 22085
650 #4 - ASIENTO SECUNDARIO DE MATERIA - TERMINO TEMATICO
Término de materia o nombre geográfico como elemento de entrada Alimentos
Subdivisión de forma Literatura infantil
9 (RLIN) 21621
905 ## - TIPO DE MATERIAL
Tipo de material Infantil
Holdings
Estado de retiro Estado de pérdida Fuente del sistema de clasificación o colocación Estado dañado No para préstamo Código de colección Localización permanente Ubicación/localización actual Ubicación en estantería Fecha de adquisición Total de préstamos Clasificación Código de barras Fecha visto por última vez Número de copia Tipo de ítem Koha
    Library of Congress Classification     Infantil Bib. Gregorio Torres Quintero Bib. Gregorio Torres Quintero Sala infantil Planta baja 10/05/2023 1 PZ76.3 K3.8 300750 31/12/2020 1 Libro